Southville International School and Colleges
Your cart is empty.
  • Cart
  • Lists
    Public lists Eva Luna New books Lux_list list_1
    Your lists Log in to create your own lists
  • Log in to your account
  • Your cookies
  • Search history
Southville International School and Colleges
  • Advanced search
  • Recent comments
  • Most popular
  • Libraries

Log in to your account

Log in with GOOGLE


If you do not have an external account, but do have a local account, you can still log in:

  1. Home
  2. MARC view: Accounting for hotels and restaurants :
Normal view MARC view ISBD view

Accounting for hotels and restaurants : (Record no. 293238)

[ view plain ]
MARC details
000 -LEADER
fixed length control field 00634nam a2200229Ia 4500
008 - FIXED-LENGTH DATA ELEMENTS--GENERAL INFORMATION
fixed length control field 160404s9999 xx 000 0 und d
020 ## - INTERNATIONAL STANDARD BOOK NUMBER
International Standard Book Number 971-0489-74-9
050 ## - LIBRARY OF CONGRESS CALL NUMBER
Classification number FIL HF 5686.H75
050 ## - LIBRARY OF CONGRESS CALL NUMBER
Item number .C33 2010
100 ## - MAIN ENTRY--PERSONAL NAME
Personal name Cabrera, Ma. Elenita Balatbat.
245 ## - TITLE STATEMENT
Title Accounting for hotels and restaurants :
245 ## - TITLE STATEMENT
Remainder of title a user perspective /
245 ## - TITLE STATEMENT
Statement of responsibility, etc Ma. Elenita Balatbat Cabrera.
260 ## - PUBLICATION, DISTRIBUTION, ETC. (IMPRINT)
Place of publication, distribution, etc Manila :
260 ## - PUBLICATION, DISTRIBUTION, ETC. (IMPRINT)
Name of publisher, distributor, etc GIC Enterprises,. Inc.,
260 ## - PUBLICATION, DISTRIBUTION, ETC. (IMPRINT)
Date of publication, distribution, etc 2010
300 ## - PHYSICAL DESCRIPTION
Extent 404 pages :
300 ## - PHYSICAL DESCRIPTION
Other physical details illustrations ;
300 ## - PHYSICAL DESCRIPTION
Dimensions 23 cm.
650 ## - SUBJECT ADDED ENTRY--TOPICAL TERM
Topical term or geographic name as entry element Hotels -- Accounting.
650 ## - SUBJECT ADDED ENTRY--TOPICAL TERM
General subdivision Restaurants -- Accounting.
Holdings
Withdrawn status Lost status Damaged status Home library Current library Shelving location Date acquired Cost, normal purchase price Total Checkouts Full call number Barcode Date last seen Price effective from Koha item type
      South Mansfield College South Mansfield College Filipiniana Section 02/14/2011 400.00   FIL HF 5686.H75 .C33 2010 SMC05272 04/04/2016 04/04/2016  

Accounting for hotels and restaurants :

APA

Cabrera M. E. B., .Accounting for hotels and restaurants. Manila: .

Chicago

Cabrera Ma Elenita Balatbat, .Accounting for hotels and restaurants. Manila: .

Harvard

Cabrera M. E. B., .Accounting for hotels and restaurants. Manila: .

MLA

Cabrera Ma Elenita Balatbat, .Manila: . .

  • Place hold
  • Print
  • Cite
  • Add to your cart (remove)
  • Save record
    BIBTEX Dublin Core MARCXML MARC (non-Unicode/MARC-8) MARC (Unicode/UTF-8) MARC (Unicode/UTF-8, Standard) MODS (XML) RIS
  • More searches
    Search for this title in:
    Other Libraries (WorldCat) Other Databases (Google Scholar) Online Stores (Bookfinder.com) Open Library (openlibrary.org)

Exporting to Dublin Core...

SOUTHVILLE LIBRARY

Southville International School and Colleges Library

1281 Tropical Ave. Cor. Luxembourg St., BF Homes International, Las Pinas City

Tel. No. 8256374 / 252358 Loc. 117/146

Powered by Koha